| 000 | 01766nam a22004337a 4500 | ||
|---|---|---|---|
| 003 | CHAP | ||
| 005 | 20220817042807.0 | ||
| 008 | 971013s1979 mx r 00010 spa d | ||
| 010 | _a55871 | ||
| 011 | _a56843 | ||
| 020 | _a9290190019 | ||
| 035 | _a60996 | ||
| 040 | _cCHAP | ||
| 082 |
_a631.7 _bS43 1979 |
||
| 100 | 0 | 0 |
_aShalhevet, J. _ecomp. _9105460 |
| 245 | 1 | 0 |
_aIrrigation of field and orchard crops under semi-arid conditions _c/comp. por J. Shalhevet |
| 250 | _aed. rev. | ||
| 260 |
_aBet Degan : _bInternational Irrigation Information center, _c1979 |
||
| 300 |
_a124 p. _b; gráfs. |
||
| 490 |
_aIIIC publication _v; 1 |
||
| 590 |
_aBATCH-UPD _b10 _c20130110 _lUCH01 _h1638 |
||
| 590 |
_aBATCH-UPD _b10 _c20130410 _lUCH01 _h1029 |
||
| 590 |
_aBATCH-UPD _b10 _c20130914 _lUCH01 _h1120 |
||
| 590 |
_aCONVERSION _b10 _c20130109 _lUCH01 _h1330 |
||
| 650 | 1 | 4 |
_aCultivos _xIrrigación. _930287 |
| 650 | 1 | 4 |
_aIrrigación _xIsrael. _960426 |
| 650 | 1 | 4 |
_aIrrigación _xRegiones áridas. _960478 |
| 830 | 0 |
_aIIIC publication _v; 1 |
|
| 901 | _aBK | ||
| 942 | _cLIBRO | ||
| 949 |
_a631.7 S43 1979 _bBC _cLIBRO _d33724000168019 _eLIBRO _h52631 _i60996 _si |
||
| 949 |
_a631.7 S43 1979 _bBC _cLIBRO _d33724000168035 _eLIBRO _fc.3 _h52633 _i60996 _si |
||
| 949 |
_a631.7 S43 1979 _bBC _cLIBRO _d33724000168043 _eLIBRO _fc.4 _h53327 _i60996 _si |
||
| 949 |
_a631.7 S43 1979 _bBC _cLIBRO _d33724000168050 _eLIBRO _fc.6 _h53329 _i60996 _si |
||
| 949 |
_a631.7 S43 1979 _bBC _cLIBRO _d33724000168068 _eLIBRO _fc.7 _h53330 _i60996 _si |
||
| 949 |
_a631.7 S43 1979 _bBC _cLIBRO _d33724000168076 _eLIBRO _fc.5 _h53328 _i60996 _si |
||
| 949 |
_a631.7 S43 1979 _bBC _cLIBRO _d33724000168084 _eLIBRO _fc.2 _h52632 _i60996 _si |
||
| 949 |
_a631.7 S43 1979 _bBC _cLIBRO _d33724002305579 _eLIBRO _fc.8 _gDonaciØn _h60996 _i60996 _sb |
||
| 999 |
_c55871 _d55871 |
||